01017nam a2200241 i 4500001000300000245015700003260002600160300003000186500009000216610005300306630001900359650003400378650003400412650003500446650005000481655002900531020001500560040000800575041000700583080004600590008004100636856009800677bg 0aFrom Marshall Plan to global interdependence :bnew challenges for the industrialized nations /cOrganisation for Economic Co-operation and Development. aParis :bOECD,c1978. a246 s. :bwykr. ;c24 cm. aMarshall Plan Commemoration Conference, Chjateau de la Muette, Paris, June 2-3, 1977.29aOrganizacja Współpracy Gospodarczej i Rozwoju09aMarshalla Plan 9aSpołeczeństwoxzagadnienia 9aIndustrializacjaxzagadnienia 9aZmiana społecznaxzagadnienia 9aWspółpraca gospodarczazEuropayod 1945 r. aMateriały konferencyjne a9264117679 cBPK0 aen a336.48:339.9:316](100.3-67OECD)"1945/..." s pl f |000 0 pol  uhttp://koha.tu.koszalin.pl/cgi-bin/koha/opac-detail.pl?biblionumber=31436yKatalog online BPK